000 00646pam a2200205 a 4500
020 _a9788184959161
082 0 0 _a252.05732
_bPEA
100 1 _aPeale, Norman Vincent,
245 1 0 _aReaching your potential: tap into your inner strength and discover the power to succeed
_cNorman Vincent Peale.
260 _aAhmedabad
_bJaico publishing
_c2016
300 _a172 p. ;
_c21.5 cm.
563 _aPB
650 0 _998915
650 0 _998916
942 _2ddc
_cBK
999 _c591411
_d591411